000 00350nam a2200133Ia 4500
008 240624s9999 xx 000 0 und d
041 _aeng
082 _a338.8 NOL
100 _aNOLAN PETER
245 _aGLOBAL BUSINESS REVOLUTION AND THE CASCA
260 _c2007
_aNew York
_bPalgrave Macmillan
300 _axi, 185 p.; 22 cm.
365 _cERU
_b38
999 _c29061
_d29061